|
|
|
|
| LEADER |
00000cam a2200000 a 4500 |
| 001 |
vtls001328998 |
| 003 |
SK-MaSNL |
| 005 |
20260301235636.0 |
| 008 |
240313s1990 xr 0000f cze |
| 020 |
|
|
|a 8020700528
|q (brož.)
|
| 035 |
|
|
|a SNK000281834
|
| 040 |
|
|
|a SNK
|b slo
|c SNK
|e AACR2
|
| 041 |
1 |
|
|a cze
|h spa
|
| 044 |
|
|
|a xr
|c CZ
|
| 080 |
|
|
|a 860(729.1)-32=850
|2 1981
|
| 100 |
1 |
|
|a Carpentier, Alejo,
|d 1904-1980
|4 aut
|9 120240
|
| 245 |
1 |
|
|a Barokní koncert ; Harfa a stín
|c Alejo Carpentier ; přeložil Eduard Hodoušek
|
| 250 |
|
|
|a 2. vyd.
|
| 260 |
|
|
|a Praha
|b Odeon
|c 1990
|
| 300 |
|
|
|a 250, [3] s.
|c 17 cm
|
| 366 |
|
|
|e 3000 výtl.
|
| 500 |
|
|
|a Preložené zo španielčiny
|
| 655 |
|
7 |
|a kubánske novely
|2 SNKPH
|9 75950
|
| 655 |
|
7 |
|a kubánske romány
|2 SNKPH
|9 79035
|
| 700 |
1 |
|
|a Hodoušek, Eduard,
|d 1921-2004
|4 trl
|4 aft
|9 401085
|
| 700 |
1 |
2 |
|a Carpentier, Alejo,
|d 1904-1980
|t Concierto barroco
|l Česky
|9 633156
|
| 700 |
1 |
2 |
|a Carpentier, Alejo,
|d 1904-1980
|t Arpay la sombra
|l Česky
|9 633157
|
| 740 |
0 |
2 |
|a Harfa a stín
|
| 852 |
|
|
|a Slovenská národná knižnica
|
| 919 |
|
|
|a 80-207-0052-8
|
| 954 |
|
|
|a beletria cudzojazyčná (svetová)
|2 lita
|
| 958 |
|
|
|a RK
|
| 958 |
|
|
|a OND
|
| 999 |
|
|
|c 976007
|d 977937
|
| 952 |
|
|
|t P60, <04>, [BOOK], {604}
|a SNK
|b SNK
|y VYP
|7 0
|o snkID 89900
|i snkKIP 113/90
|0 0
|1 0
|4 0
|d 1998-04-24
|l 0
|r 2005-01-02 00:00:00
|w 2026-02-24
|
| 952 |
|
|
|t P60, <04>, [BOOK], {604}
|a SNK
|b SNK
|y VYP
|7 0
|o snkID 89900 D1
|i snkKIP 114/90
|0 0
|1 0
|4 0
|d 1998-04-24
|l 0
|r 2005-01-02 00:00:00
|w 2026-02-24
|